|
|
|
|
| LEADER |
00000nab a2200000 a 4500 |
| 001 |
vtls011129045 |
| 003 |
SK-MaSNL |
| 005 |
20260304023501.0 |
| 008 |
230222|1972 xo |||||||||||||||||slo| |
| 015 |
|
|
|a SNBRB
|
| 035 |
|
|
|a (uuid)a65334b8-5880-4d0e-beb2-f9aa681d67eb
|
| 035 |
|
|
|a (urnnbn)urn:nbn:sk:snk:ar-a09ilx
|
| 035 |
|
|
|a urn:nbn:sk:snk-aba6te
|
| 040 |
|
|
|a SNKBUCL
|b slo
|c SNKBUCL
|e AACR2
|
| 041 |
0 |
|
|a slo
|
| 044 |
|
|
|a xo
|c SK
|
| 100 |
1 |
|
|a Perlaki, Ivan,
|d 1940-
|4 aut
|9 38173
|
| 245 |
1 |
0 |
|a Analýza procesov zmien organizačných systémov
|c Ivan Perlaki
|
| 773 |
0 |
|
|t Syntéza : časopis pre teóriu a metódy vied o práci
|g Roč. 5, č. 3 (1972), s. 86-94
|
| 954 |
|
|
|a odborná, vedecká literatúra pôvodná (slovenská)
|2 lita
|
| 958 |
|
|
|a OND
|
| 958 |
|
|
|a EUIPO
|
| 958 |
|
|
|a article13
|
| 999 |
|
|
|c 2616708
|d 2618638
|